00743nam a2200241 i 4500001000300000100001900003245003000022260003600052300004000088490003100128504001100159521003100170650002500201650002200226655003000248830003100278020001500309040000800324041000700332080002300339008004100362856009800403bg1 aSWEENEY, Simon10aFinance /cSimon Sweeney. aLondon :bPenguin Books,c1997. a86, [6] s. :brys., wykr. ;c23 cm.1 aTest Your Business English aIndex. aFor intermediate students. 9aFinansexsłownictwo 9aJęzyk angielski aPodręczniki akademickie aTest Your Business English a0140816100 cBPK0 aen a811.111(075.8):336 s pl f |000 0 pol  uhttp://koha.tu.koszalin.pl/cgi-bin/koha/opac-detail.pl?biblionumber=32723yKatalog online BPK